| 000 | 00525nam a2200193 a 4500 | ||
|---|---|---|---|
| 001 | 25099 | ||
| 003 | CO-ViMGA | ||
| 008 | 141112s2004 ck r 000 u spa d | ||
| 020 | _a9788426371713 | ||
| 040 |
_aCO-ViMGA _bspa _cCO-ViMGA |
||
| 090 | _aSCUso | ||
| 100 | 1 |
_aScuderi, Lucia _938230 |
|
| 245 | 1 | 0 |
_aSi oigo a ... / _cLucia Scuderi |
| 260 |
_aEspaña : _bEditorial Luis Vives, _c2009 |
||
| 300 | _a[28] p. | ||
| 650 | 1 | 4 |
_aCuentos infantiles italianos _94586 |
| 700 | 1 |
_aTurrión, Celia, tr. _938231 |
|
| 942 |
_2ddc _cBK |
||
| 999 |
_c32730 _d32730 |
||